00514nam a2200193Ia 4500003000400000005001700004008004100021020002200062040000700084041000800091082001500099100003600114245006800150260003900218300001400257365001300271650001400284650002200298OSt20230619164300.0210423s2014 xx 000 0 und d a978-93-5140-161-2 cAL aeng a547.2 SINO aSINGH (Jagadamba);YADAV (L D S) aOrganic synthesis: design reagents reactions and rearrangements aNew DelhibPragati Prakashanc2014 ax,728bPB b455cINR aChemistry aOrganic Chemistry